| 000 | 00533nam a2200229Ia 4500 | ||
|---|---|---|---|
| 003 | OSt | ||
| 005 | 20220928111743.0 | ||
| 006 | a|||||r|||| 00| 0 | ||
| 007 | ta | ||
| 008 | 220927b |||||||| |||| 00| 0 eng d | ||
| 024 | _a25680 | ||
| 037 | _cTextual | ||
| 040 |
_aSDCL _cSDCL _beng |
||
| 041 |
_2eng _aeng |
||
| 082 | _aQ12x, J8 | ||
| 100 |
_aVishnu Suri _9424861 |
||
| 245 | 0 | _aRudradhyayh. | |
| 260 | _c1958 | ||
| 300 |
_a96p. _ccm. |
||
| 942 |
_hQ12x, J8 _cTEXL _2CC |
||
| 999 |
_c741812 _d741812 |
||